Chiffres de la démographie dans l'UE - Statistiques

Statistiques générales
  • Ce quiz a été pris 110 fois
  • Le résultat moyen est 6 sur 17
Statistiques - réponses
Hint Réponse % Correct
Population 446.8 M
89%
Espérance de vie à la naissance femmes 79
69%
Indice de fécondité par femme 1.58
68%
Espérance de vie à la naissance hommes 76
59%
Population âgée de 15 à 64 ans 67.23 %
55%
Nombre de garçons naissant pour 100 filles 106
51%
Population âgée de 65 ans et plus 17.33 %
32%
Taux de mortalité infantile 4.49 ‰
23%
Pourcentage d'italophones 1ère langue 13 %
18%
Taux de natalité 10.1 ‰
15%
Population âgée de 0 à 14 ans 15.44 %
15%
Accroissement naturel 0.1 %
12%
Pourcentage de germanophones 1ère langue 16 %
12%
Taux de mortalité 9.7 ‰
12%
Pourcentage de francophones 1ère langue 14 %
8%
Pourcentage d'hispanophones 1ère langue 8 %
8%
Pourcentage d'anglophones 1ère langue 1 %
4%
Aucun quiz correspondant
Distribution des résultats
% des personnes avec chaque résultat
Percentile par nombre de réponses
Votre historique - résultats
Vous n’avez pas pris ce quiz